Возможные виды брака в технологии стекла и способы их устранения: учебное пособие
| Hovedforfatter: | |
|---|---|
| Institution som forfatter: | |
| Andre forfattere: | |
| Summary: | Заглавие с титульного экрана Электронная версия печатной публикации Режим доступа: из корпоративной сети ТПУ |
| Sprog: | russisk |
| Udgivet: |
Томск, Изд-во ТПУ, 2015
|
| Fag: | |
| Online adgang: | http://www.lib.tpu.ru/fulltext2/m/2015/m273.pdf |
| Format: | MixedMaterials Electronisk Bog |
| KOHA link: | https://koha.lib.tpu.ru/cgi-bin/koha/opac-detail.pl?biblionumber=302098 |
MARC
| LEADER | 00000nlm0a2200000 4500 | ||
|---|---|---|---|
| 001 | 302098 | ||
| 005 | 20231223163512.0 | ||
| 035 | |a (RuTPU)RU\TPU\book\327293 | ||
| 090 | |a 302098 | ||
| 100 | |a 20150819d2015 m y0rusy50 ca | ||
| 101 | 0 | |a rus | |
| 102 | |a RU | ||
| 105 | |a a j 001zy | ||
| 135 | |a drgn ---uucaa | ||
| 181 | 0 | |a i | |
| 182 | 0 | |a b | |
| 200 | 1 | |a Возможные виды брака в технологии стекла и способы их устранения |e учебное пособие |f О. В. Казьмина, Р. Г. Мелконян |g Национальный исследовательский Томский политехнический университет (ТПУ) | |
| 203 | |a Текст |c электронный | ||
| 210 | |a Томск |c Изд-во ТПУ |d 2015 | ||
| 300 | |a Заглавие с титульного экрана | ||
| 300 | |a Электронная версия печатной публикации | ||
| 333 | |a Режим доступа: из корпоративной сети ТПУ | ||
| 337 | |a Adobe Reader | ||
| 606 | 1 | |a Стекольное производство |x Брак |2 stltpush |3 (RuTPU)RU\TPU\subj\34555 |9 56476 | |
| 610 | 1 | |a электронный ресурс | |
| 610 | 1 | |a учебные пособия | |
| 610 | 1 | |a труды учёных ТПУ | |
| 610 | 1 | |a стекломасса | |
| 610 | 1 | |a пороки | |
| 610 | 1 | |a стекло | |
| 610 | 1 | |a дефекты | |
| 610 | 1 | |a формование | |
| 610 | 1 | |a флоат-стекло | |
| 610 | 1 | |a стеклотара | |
| 610 | 1 | |a лабораторные работы | |
| 675 | |a 666.11(075.8) |v 3 | ||
| 700 | 1 | |a Казьмина |b О. В. |c химик-технолог |c профессор Томского политехнического университета, доктор технических наук |f 1967- |g Ольга Викторовна |3 (RuTPU)RU\TPU\pers\26196 |9 12004 | |
| 701 | 1 | |a Мелконян |b Р. Г. |g Рубен Гарегинович | |
| 712 | 0 | 2 | |a Национальный исследовательский Томский политехнический университет (ТПУ) |b Институт физики высоких технологий (ИФВТ) |b Кафедра технологии силикатов и наноматериалов (ТСН) |3 (RuTPU)RU\TPU\col\18694 |
| 801 | 1 | |a RU |b 63413507 |c 20130821 | |
| 801 | 2 | |a RU |b 63413507 |c 20160615 |g RCR | |
| 856 | 4 | |u http://www.lib.tpu.ru/fulltext2/m/2015/m273.pdf | |
| 942 | |c CF | ||